History Quiz

Random History or Country Quiz

Countries of the British Empire Quiz Stats

 Plays Quiz Updated Jul 2, 2018

Challenge
Share
Tweet
Embed
Score 0/110 Timer 15:00
0 Plays Today
Years Country % Correct
1607-1843United States
94.6%
1612-1947India
93.5%
1497-1931Canada
93.5%
1171-1921Ireland
91.3%
1770-1942Australia
90.1%
1066-1816France
89.7%
1776-1948South Africa
87%
1769-1947New Zealand
85.1%
1801-1956Egypt
83.1%
1807-1990Germany
82.2%
1808-1997China
82.1%
1708-1814Spain
81.8%
1843-1947Pakistan
79.8%
1796-1947Italy
75.7%
1916-2004Iraq
74.4%
1613-1875Japan
73%
9thC-presentUnited Kingdom
72.8%
1801-1814Portugal
72.2%
1763-1857Iran
72.2%
1765-1962Jamaica
71%
1918-1948Israel
70.7%
1823-1963Kenya
69.8%
1513-1519Belgium
68.3%
1625-1816Netherlands
66%
1940-1946Denmark
65.6%
1898-1956Sudan
65.3%
1827-1960Nigeria
65.3%
1839-1880Afghanistan
64.4%
1900-1980Zimbabwe
64%
1809-1947Greece
63.9%
1603-1946Indonesia
62.9%
1681-1947Bangladesh
60.8%
1782-1948Sri Lanka
60.2%
1662-1663Cuba
60.2%
1662-1684Morocco
59.6%
1942-1951Libya
59.4%
1648-1973The Bahamas
59%
Years Country % Correct
1921-1946Jordan
59%
1762-1963Malaysia
58.3%
1839-1967Yemen
57.9%
1914-1946Syria
57.8%
1940-1941Iceland
57.8%
1816-1923Nepal
57%
1884-1960Somalia
56.9%
1941-1948Ethiopia
56.4%
1824-1948Myanmar
56.4%
1819-1959Singapore
55.9%
1621-1960Ghana
55.9%
1854-1971Oman
55.7%
1871-1970Fiji
55.5%
1701-1946Vietnam
55%
1890-1963Tanzania
54.1%
1945-1955Austria
54%
1631-1798Haiti
53.2%
1843-1966Lesotho
53.2%
1878-1960Cyprus
53.2%
1892-1971United Arab Emirates
53.1%
1860-1962Uganda
53.1%
1800-1964Malta
52.1%
1942-1943Madagascar
52.1%
1761-1978Dominica
52.1%
1893-1968eSwatini
51.7%
1625-1966Barbados
51.6%
1900-1964Zambia
51.4%
1941-1946Lebanon
50.6%
1749-1981Belize
50.4%
1762-1962Trinidad and Tobago
50.1%
1874-1931Namibia
49.3%
1918-1948Palestine
48.9%
1872-1966Botswana
48.7%
1899-1961Kuwait
48.4%
1698-1700Panama
48.1%
1620-1970Guyana
47.8%
1883-1942Papua New Guinea
46.8%
Years Country % Correct
1868-1971Qatar
46.8%
1623-1983St Kitts and Nevis
46.5%
1762-1764Philippines
45.7%
1865-1947Bhutan
43.9%
1914-1954Cameroon
43.8%
1941-1952Eritrea
43.2%
1914-1931Samoa
42.4%
1664-1979St Lucia
41.9%
1900-1970Tonga
41.8%
1794-1976Seychelles
41.4%
1880-1971Bahrain
41%
1661-1970The Gambia
41%
1632-1860Honduras
41%
1889-1964Malawi
40.3%
1787-1961Sierra Leone
39.6%
1796-1965Maldives
39.5%
1609-1974Grenada
39.3%
1627-1979St Vincent and the Grenadines
38.8%
1942-1946Djibouti
38.6%
1893-1978Solomon Islands
38%
1693-1817Senegal
37.4%
1892-1979Tuvalu
36.9%
1809-1968Mauritius
36.6%
1888-1983Brunei
36.5%
1887-1980Vanuatu
36.4%
1628-1981Antigua and Barbuda
36.4%
1898-1956South Sudan
36.2%
1650-1812Benin
36.1%
1650-1816Suriname
36.1%
1628-1689Colombia
35%
1914-1968Nauru
33.7%
1888-1979Kiribati
33.5%
1658-1894Nicaragua
33.4%
1813Croatia
29.2%
1827-1855Equatorial Guinea
26.7%
1813-1814Montenegro
18.8%

You're not logged in!

Compare scores with friends on all Sporcle quizzes.
OR
Log In

You Might Also Like...

Show Comments

Extras

Top Quizzes Today


Score Distribution

Your Account Isn't Verified!

In order to create a playlist on Sporcle, you need to verify the email address you used during registration. Go to your Sporcle Settings to finish the process.

Report this User

Report this user for behavior that violates our Community Guidelines.

Details: